• 首页
  • 本馆介绍
  • 公告通知
  • 最新文献
  • 馆藏检索
  • 电子资源
  • 读者导购
  • 参考咨询
  • 我的图书馆
  • 登录
  • 详细信息显示
  • 放入我的书架
  • 预约/预借图书
  • 作者相关作品
  • 分类相关作品
  • 丛书相关作品
  • 出版社相关作品

书目信息

  • 表格格式
  • 工作单格式
  • 卡片格式
题名:
农村体育手册
    
 
作者: ;江苏省南通地区体育运动委员会农村体育手册编写组 编
分册:  
出版信息: 北京   人民体育出版社  1976
页数: 407页
开本: 19cm
丛书名:
单 册:
中图分类: G812.42-62
科图分类:
主题词: 农村-体育活动--中国--手册 , 体育活动-农村--中国--手册
电子资源:
ISBN:
000 00793nam0 2200229 45
001 0176002559
005 20060818154759.26
010    @dCNY0.75
100    @a19950928d1976 em y0chiy0121 ea
101 0  @achi
102    @aCN@b110000
105    @ay z 000yy
200 10 @a农村体育手册@Anong cun ti yu shou ce@f江苏省南通地区体育运动委员会《农村体育手册》编写组编
210    @a北京@c人民体育出版社@d1976
215    @a407页@d19cm
606    @a农村-体育活动@y中国@x手册
606    @a体育活动-农村@y中国@x手册
690    @aG812.42-62@v3
711 02 @a江苏省南通地区体育运动委员会农村体育手册编写组@Ajiang su sheng nan tong di qu ti yu yun dong wei yuan hui nong cun ti yu shou ce bian xie zu@4编
801  0 @aCN@bTSSF@c20060818
801  2 @aCN@bNLC@c20060809
905    @a10447@dG812.42-62@e36
    
    农村体育手册/江苏省南通地区体育运动委员会《农村体育手册》编写组编.-北京:人民体育出版社,1976
    407页;19cm
    
    
    ISBN :CNY0.75
    
●
相关链接 在E读中查询图书 在五车中查询图书 在当当中查询图书 在豆瓣中查询图书


正题名:农村体育手册     索取号:G812.42-62/36         预约/预借

序号 登录号 条形码 馆藏地/架位号 状态 备注
1 0447782   204477823   密集书库/ [索取号:G812.42-62/36] 在馆    
2 0469206   204692065   密集书库/ [索取号:G812.42-62/36] 在馆    
唐山师范学院图书馆 欢迎您!
大连网信软件有限公司© 版权所有